Gyermekkönyvek bemutatója

Elmentve itt :
Bibliográfiai részletek
Dokumentumtípus: Cikk
Megjelent: 1979-04-19
Sorozat:Délmagyarország 69 No. 90
Kulcsszavak:Kass János, Somogyi-könyvtár
Online Access:http://dmarchiv.bibl.u-szeged.hu/95464
LEADER 00413nab a2200145 i 4500
001 delm95464
005 20190524094417.0
008 190524s1979 hu o 0|| hun d
040 |a SZTE Délmagyarország Archívum  |b hun 
041 |a hun 
245 0 0 |a Gyermekkönyvek bemutatója  |h [elektronikus dokumentum] 
260 |c 1979-04-19 
300 |a 8 
490 0 |a Délmagyarország  |v 69 No. 90 
695 |a Kass János, Somogyi-könyvtár